000 00394nam a2200157Ia 4500
008 220216s9999 xx 000 0 und d
100 _aPrasannakumari P
245 0 _aThavaaranakalile valamideel: Puthukkiya suparsa
260 _bRubber
_c2015
300 _a10-Sep
650 _aFertilizer application
700 _aGeorge S
700 _aJessy M D
700 _aSyamala V K
942 _cBS
999 _c48609
_d48609